Statistics for Jetsons Theme Song Lyrics

Click here to take the quiz!

General Stats

  • This quiz has been taken 49 times
  • The average score is 10 of 11

Answer Stats

Answer % Correct
Jetson
100%
George
95%
Elroy
90%
Jane
90%
His
87%
boy
87%
Daughter
87%
his
87%
wife
87%
Meet
85%
Judy
79%

Score Distribution

Percentile by Number Answered

Percent of People with Each Score

Your Score History

You have not taken this quiz